<?xml version="1.0" encoding="UTF-8"?>
<collection xmlns="http://www.loc.gov/MARC21/slim">
 <record>
  <leader>00405pamaa2200145   4500</leader>
  <controlfield tag="001">0000033337</controlfield>
  <controlfield tag="005">20110105090000.0</controlfield>
  <datafield tag="020" ind1="0" ind2="0">
   <subfield code="a">076196214X </subfield>
  </datafield>
  <datafield tag="082" ind1=" " ind2=" ">
   <subfield code="a">001.4 KUM</subfield>
  </datafield>
  <datafield tag="090" ind1="0" ind2="0">
   <subfield code="a">H62 </subfield>
   <subfield code="b">KUM 1996</subfield>
  </datafield>
  <datafield tag="100" ind1="1" ind2="0">
   <subfield code="a">Kumar </subfield>
  </datafield>
  <datafield tag="245" ind1="1" ind2="0">
   <subfield code="a">Research methodology : </subfield>
   <subfield code="b">a step-by-step guide for beginners  </subfield>
   <subfield code="c">Ranjit Kumar.</subfield>
  </datafield>
  <datafield tag="260" ind1="0" ind2="0">
   <subfield code="a">London: </subfield>
   <subfield code="b">SAGE, </subfield>
   <subfield code="c">1996.</subfield>
  </datafield>
  <datafield tag="300" ind1=" " ind2=" ">
   <subfield code="a">xvi, 276p.; </subfield>
   <subfield code="c">25cm.</subfield>
  </datafield>
  <datafield tag="650" ind1="0" ind2="0">
   <subfield code="a">Reserach -- </subfield>
   <subfield code="x">Handbooks, manuals </subfield>
  </datafield>
 </record>
</collection>
